| 000 | 00696na a2200205 4500 | ||
|---|---|---|---|
| 001 | 23261 | ||
| 003 | MIRAKIL | ||
| 005 | 20181213155117.0 | ||
| 008 | 170821b tu 000 0 | ||
| 040 |
_aMilas _btur _cTR-AnCHP |
||
| 041 | _atur | ||
| 245 |
_a15 Temmuz milli irade zaferi _bKüresel işgale destansı direniş _cMemur sendikaları konfederasyonu (MEMUR-SEN) |
||
| 246 | _aKüresel işgale destansı direniş | ||
| 260 |
_aAnkara _bMemur sendikaları konfederasyonu (MEMUR-SEN) _c2017 _fSemih Ofset Matbaacılık |
||
| 300 |
_a192 s. _bfotğ. _c28 sm. |
||
| 500 | _aGEÇİCİ KATALOG KAYDIDIR. | ||
| 740 | _aKüresel işgale destansı direniş | ||
| 942 |
_2ddc _cBKS |
||
| 999 |
_c6747 _d6747 |
||